La Guerre des Cristeros - Statistiques

Statistiques générales
  • Ce quiz a été pris 18 fois
  • Le résultat moyen est 13 sur 18
Statistiques - réponses
Questions Réponses % Correct
Pays dans lequel éclata la Guerre des Cristeros en 1926. Le Mexique
100%
Pays avec lequel le précédent se réconcilia, leur faisant des concessions sur le pétrole en échange d'une aide militaire pour réprimer l'insurrection. Les États-Unis d'Amérique
94%
Dans certains États, les Cristeros arrêtés étaient ____ à des poteaux électriques, image symbolique de la cruauté du régime. Pendus
88%
Héroïne française du Moyen-âge et sainte patronne de la première brigade féminine des Cristeros en juin 1927. Cette brigade compta jusqu'à 25 000 femmes. Sainte Jeanne d'Arc
88%
Pape qui dénonça la violence de la persécution anticléricale dans ce pays (réponse #1) par de nombreuses encyclique entre 1925 et 1937 mais soutint un accord de paix avec le gouvernement en date du 27 juin 1929. Pie XI
81%
Nombre d'évêques du pays (réponse #1) qui soutinrent les Cristeros (sur 38 au total). Trois
81%
Idéologie qui inspira les "Chemises rouges", organisation créée par Tomás Garrido Canabal, gouverneur d'une entité fédérée de ce pays et opposant virulent aux Cristeros. Le marxisme
75%
Chef d'État de ce pays qui mit le feu au poudre en faisant voter une loi qui restreignait les libertés du culte catholique, en application de la Constitution du pays à l'époque. Plutarco Calles
75%
Cri de ralliement des Cristeros (version originale ou française acceptées). ¡Viva Cristo Rey!
75%
Acteur américain qui incarna le Général retraité Enrique Gorostieta Velarde, chef des insurgés, dans le film Cristeros de Dean Wright sorti en 2012 en version originale (titres alternatifs du film : Cristiada ou "For Greater Glory") et seulement deux ans plus tard en version française. Andy Garcia
69%
Romancier britannique à qui le conflit inspira le roman "La puissance et la gloire", publié en 1940. Graham Greene
63%
Acteur principal du film précité, connu aussi pour sa prestation dans "Les raisins de la colère". Henry Fonda
63%
Tactique utilisée par les forces gouvernementales consistant à incendier la production agricole dans les régions insurgées afin de les priver de ravitaillement. La politique de la terre brûlée.
63%
Reporter belge de 23 ans qui n'avait pas encore épousé les idées hitlériennes lorsqu'il réalisa en 1929 et 1930 un reportage sur les Cristeros pour le journal "Le vingtième siècle", participant notamment à leurs messes clandestines. Léon Degrelle
63%
Actrice américaine d'origine hispanique qui incarnait l'épouse de Gorostieta dans le film de Dean Wright Eva Longoria
56%
Cinéaste spécialisé dans les westerns qui adapta le roman "La puissance et la gloire" dans son film "The Fugitive" ("Dieu est mort" en version française). John Ford
56%
Martyr de 14 ans, exécuté pour avoir refusé de renier sa foi catholique. Il fut incarné dans le même film par Mauricio Kuri. José Luis Sánchez del Río
56%
Acteur irlandais incarnant un prêtre martyr dans ce même film, un an avant son propre décès. Peter O'Toole
56%
Aucun quiz correspondant
Distribution des résultats
% des personnes avec chaque résultat
Percentile par nombre de réponses
Votre historique - résultats
Vous n’avez pas pris ce quiz